000
00326nam a2200145Ia 4500
008
230718s9999 xx 000 0 und d
041
_a
Eng.
082
_a
823.5
_b
BER-P
100
_a
Bernard Shaw
245
0
_a
Pygmalion
260
_a
Pakistan
_b
Oxford comiversity en
_c
1996
300
_a
155
650
_a
Law
999
_c
26198
_d
26198